000 00657nam a2200289Ia 4500
005 20260324150329.0
008 008 260324s9999 xx 000 0 eng d
020 _a9780203770610
037 _aEBOOK
040 _aCRL
040 _beng
040 _cCRL
041 _2eng
041 _aeng
084 _qCRL
100 _aBonamy Dobrée
_91226054
245 0 _aMilton to Ouida
245 2 _bA Collection of Essays
260 _bTaylor and Francis
260 _c1969
365 _a
365 _b240
856 _uhttp://www.taylorfrancis.com/books/9780203770610
942 _cEBOOK
999 _c1835317
_d1835317